Avoid errors (Record no. 7683)
[ view plain ]
| 000 -LEADER | |
|---|---|
| fixed length control field | 00436cam a2200193ua 4500 |
| 001 - CONTROL NUMBER | |
| control field | 8589 |
| 005 - DATE AND TIME OF LATEST TRANSACTION | |
| control field | 20260515114343.0 |
| 008 - FIXED-LENGTH DATA ELEMENTS--GENERAL INFORMATION | |
| fixed length control field | 150206n ii |||gr||||Z||||||eng |
| 040 ## - CATALOGING SOURCE | |
| Transcribing agency | MAIN |
| 041 ## - LANGUAGE CODE | |
| Language code of text/sound track or separate title | eng |
| 082 ## - DEWEY DECIMAL CLASSIFICATION NUMBER | |
| Classification number | 425 |
| 100 ## - MAIN ENTRY--PERSONAL NAME | |
| Personal name | Misra, A. Kr., |
| Relator term | Author., |
| 245 1# - TITLE STATEMENT | |
| Title | Avoid errors |
| Statement of responsibility, etc. | By Ajit Kr. Misra |
| 250 ## - EDITION STATEMENT | |
| Edition statement | 2nd. |
| 260 ## - PUBLICATION, DISTRIBUTION, ETC. | |
| Place of publication, distribution, etc. | Guwahati: |
| Name of publisher, distributor, etc. | Lakshya, |
| Date of publication, distribution, etc. | 1998. |
| 300 ## - PHYSICAL DESCRIPTION | |
| Extent | 87p. |
| 653 ## - INDEX TERM--UNCONTROLLED | |
| Uncontrolled term | English grammar |
| 942 ## - ADDED ENTRY ELEMENTS (KOHA) | |
| Koha item type | Books |
| Withdrawn status | Lost status | Damaged status | Not for loan | Home library | Current library | Shelving location | Date acquired | Total checkouts | Full call number | Barcode | Date last seen | Copy number | Price effective from | Koha item type |
|---|---|---|---|---|---|---|---|---|---|---|---|---|---|---|
| Naharkatiya College Library | Naharkatiya College Library | General stacks | 09/19/2020 | 425 | MIS | 7554 | 09/19/2020 | 1 | 09/19/2020 | Books |